000 00666nam a2200229 a 4500
001 50254
003 BD-RjUL
005 20211209075500.0
008 720105t19711972nju b 001 0 eng
035 _a(BD-RjUL)
040 _aDLC
_cDLC
_dDLC
_beng
041 _aeng
082 0 0 _223
_a361.4
_bKOS 1963
100 1 _aKonopka, Gisela.
_9150594
245 1 0 _aSocial group work :
_b a helping process /
_cGisela Konopka
260 _aEnglewood Cliffs, N.J. :
_bPrentice-Hall,
_cc 1963.
300 _axii, 307 p. ;
_c24 cm.
490 0 _aPrentice-Hall sociology series
504 _aIncludes bibliographies.
650 0 _aSocial group work.
_9124045
942 _2ddc
_cBK
999 _c50254
_d50254